000 00497nam a2200181Ia 4500
003 GCL
008 140319s9999 xx 000 0 ara d
040 _aGCL /
_cGCL
082 0 4 _a813.03
_bس ع
100 1 _aسلوى بكر
245 1 0 _aالعربة الذهبية لا تصعد إلى السماء رواية: /
_cسلوى بكر
300 _a221 ص
490 _a
650 0 4 _aالادب العربى
650 0 4 _aالادب
650 0 4 _aالقصة العربية
942 _2ddc
_cBK
999 _c40185
_d40185